<?xml version="1.0" encoding="UTF-8"?>
<record
    xmlns:xsi="http://www.w3.org/2001/XMLSchema-instance"
    xsi:schemaLocation="http://www.loc.gov/MARC21/slim http://www.loc.gov/standards/marcxml/schema/MARC21slim.xsd"
    xmlns="http://www.loc.gov/MARC21/slim">

  <leader>03409nam a2200385 a 4500</leader>
  <controlfield tag="001">ebr10518142</controlfield>
  <controlfield tag="003">CaPaEBR</controlfield>
  <controlfield tag="006">m        u        </controlfield>
  <controlfield tag="007">cr cn|||||||||</controlfield>
  <controlfield tag="008">110817s2012    mau     s     001 0 eng d</controlfield>
  <datafield tag="010" ind1=" " ind2=" ">
    <subfield code="z">  2011034630</subfield>
  </datafield>
  <datafield tag="020" ind1=" " ind2=" ">
    <subfield code="z">9789004212039 (hardback alk. paper)</subfield>
  </datafield>
  <datafield tag="020" ind1=" " ind2=" ">
    <subfield code="z">9789004215870 (e-book)</subfield>
  </datafield>
  <datafield tag="040" ind1=" " ind2=" ">
    <subfield code="a">CaPaEBR</subfield>
    <subfield code="c">CaPaEBR</subfield>
  </datafield>
  <datafield tag="035" ind1=" " ind2=" ">
    <subfield code="a">(OCoLC)774290152</subfield>
  </datafield>
  <datafield tag="043" ind1=" " ind2=" ">
    <subfield code="a">e------</subfield>
  </datafield>
  <datafield tag="050" ind1="1" ind2="4">
    <subfield code="a">KJE6044</subfield>
    <subfield code="b">.G85 2012eb</subfield>
  </datafield>
  <datafield tag="082" ind1="0" ind2="4">
    <subfield code="a">342.2408/2</subfield>
    <subfield code="2">23</subfield>
  </datafield>
  <datafield tag="100" ind1="1" ind2=" ">
    <subfield code="a">Guild, Elspeth.</subfield>
  </datafield>
  <datafield tag="245" ind1="1" ind2="4">
    <subfield code="a">The first decade of EU migration and asylum law</subfield>
    <subfield code="h">[electronic resource] /</subfield>
    <subfield code="c">by Elspeth Guild, Paul Minderhoud.</subfield>
  </datafield>
  <datafield tag="246" ind1="3" ind2=" ">
    <subfield code="a">First decade of European Union migration and asylum law</subfield>
  </datafield>
  <datafield tag="260" ind1=" " ind2=" ">
    <subfield code="a">Boston :</subfield>
    <subfield code="b">Martinus Nijhoff Publishers,</subfield>
    <subfield code="c">2012.</subfield>
  </datafield>
  <datafield tag="300" ind1=" " ind2=" ">
    <subfield code="a">xvi, 485 p.</subfield>
  </datafield>
  <datafield tag="490" ind1="1" ind2=" ">
    <subfield code="a">Immigration and asylum law and policy in Europe,</subfield>
    <subfield code="x">1568-2749 ;</subfield>
    <subfield code="v">v. 24</subfield>
  </datafield>
  <datafield tag="500" ind1=" " ind2=" ">
    <subfield code="a">Includes index.</subfield>
  </datafield>
  <datafield tag="505" ind1="0" ind2=" ">
    <subfield code="a">Citizenship in motion : the development of the freedom of movement for citizens in the case-law of the Court of Justice of the European Union / Jonathan Tomkin -- EU free movement of persons and member states' solidarity systems : searching for a balance / Herwig Verschueren -- The privileged treatment of Turkish nationals / Denis Martin -- Has europeanization silenced criticism on intergovernmental external border cooperation? / Helen Oosterom-Staples -- The EU acquis on irregular migration ten years on : still reinforcing security at the expense of rights? / Ryszard Cholewinski -- The good, the bad and the ugly in EU migration law : is the European Parliament becoming bad and ugly? (the adoption of Directive 2008/115 : the returns directive) / Diego Acosta Arcarazo -- Detention of foreigners / Galina Cornelisse -- The impact of the Treaty of Lisbon over EU policies on migration, asylum and borders : the struggles over the ownership of the Stockholm programme / Sergio Carrera -- Common EU standards on asylum : optional harmonisation and exclusive procedures? / Jens Vedsted-Hansen -- The externalisation of European migration control and the reach of international refugee law / T. Gammeltoft-Hansen -- The long-term residents directive : a fulfilment of the Tampere objective of near-equality? / Louise Halleskov Storgaard -- Love thy neighbour : family reunification and the rights of insiders / Betty de Hart -- An ideal husband? : marriages of convenience, moral gate-keeping and immigration to the United Kingdom / Helena Wray -- Effective remedies for third country nationals in EU law : justice accessible to all? / Evelien Brouwer -- Access to an effective remedy before a court or tribunal in asylum cases / Marcelle Reneman -- Immigration, asylum and the European Union Charter of Fundamental Rights / Steve Peers.</subfield>
  </datafield>
  <datafield tag="533" ind1=" " ind2=" ">
    <subfield code="a">Electronic reproduction.</subfield>
    <subfield code="b">Palo Alto, Calif. :</subfield>
    <subfield code="c">ebrary,</subfield>
    <subfield code="d">2013.</subfield>
    <subfield code="n">Available via World Wide Web.</subfield>
    <subfield code="n">Access may be limited to ebrary affiliated libraries.</subfield>
  </datafield>
  <datafield tag="650" ind1=" " ind2="0">
    <subfield code="a">Emigration and immigration law</subfield>
    <subfield code="z">European Union countries.</subfield>
  </datafield>
  <datafield tag="650" ind1=" " ind2="0">
    <subfield code="a">Asylum, Right of</subfield>
    <subfield code="z">European Union countries.</subfield>
  </datafield>
  <datafield tag="655" ind1=" " ind2="7">
    <subfield code="a">Electronic books.</subfield>
    <subfield code="2">local</subfield>
  </datafield>
  <datafield tag="700" ind1="1" ind2=" ">
    <subfield code="a">Minderhoud, P. E.</subfield>
    <subfield code="q">(Paul E.)</subfield>
  </datafield>
  <datafield tag="710" ind1="2" ind2=" ">
    <subfield code="a">ebrary, Inc.</subfield>
  </datafield>
  <datafield tag="830" ind1=" " ind2="0">
    <subfield code="a">Immigration and asylum law and policy in Europe ;</subfield>
    <subfield code="v">v. 24.</subfield>
  </datafield>
  <datafield tag="856" ind1="4" ind2="0">
    <subfield code="u">http://site.ebrary.com/lib/rucke/Doc?id=10518142</subfield>
    <subfield code="z">An electronic book accessible through the World Wide Web; click to view</subfield>
  </datafield>
  <datafield tag="999" ind1=" " ind2=" ">
    <subfield code="c">120862</subfield>
    <subfield code="d">120862</subfield>
  </datafield>
</record>
